000 00282nam a2200097Ia 4500
008 171211s9999 xx 000 0 und d
245 _aMuto-dori: Combate contra adversarios armados
260 _c1995
650 _xMartial Arts
856 _uhttp://down.ebook777.com/065/8488738161.pdf
999 _c348169
_d348169